[Event "Asia Club-ch Hybrid"]
[Site "Tornelo INT"]
[Date "2021.11.05"]
[Round "3.4"]
[White "Induwara, THD Thisarindu"]
[Black "Bahadori, Arash"]
[Result "0-1"]
[WhiteElo "1361"]
[BlackElo "1835"]
[PlyCount "54"]
[EventDate "2021.11.03"]
[EventType "team-swiss"]
[EventRounds "9"]
[EventCountry "NET"]
[SourceTitle "CBM 205 Extra"]
[Source "ChessBase"]
[SourceDate "2022.01.31"]
[SourceVersion "1"]
[SourceVersionDate "2022.01.31"]
[SourceQuality "1"]
[WhiteTeam "Super Knight CC II"]
[BlackTeam "Pishgam Novin"]
[WhiteTeamCountry "SRI"]
[BlackTeamCountry "IRI"]

1. e4 e6 2. d4 d5 3. Nd2 Nf6 4. e5 Nfd7 5. Bd3 c5 6. c3 Nc6 7. Ne2 cxd4 8. cxd4 f6 9. exf6 Nxf6 10. Nf3 Bd6 11. Bf4 Bxf4 12. Nxf4 0-0 13. 0-0 Ne4 14. Ne2 Rxf3 15. gxf3 Ng5 16. Ng3 Nxd4 17. Bxh7+ Kxh7 18. f4 Ngf3+ 19. Kg2 Qh4 20. Rh1 e5 21. f5 e4 22. h3 Bxf5 23. Nxf5 Nxf5 24. Kf1 Rf8 25. Qxd5 Ne3+ 26. fxe3 Nd4+ 27. Kg2 Qf2# 0-1